000 01078nam2a22002651 4500
001 RU\NLR\INFOCOMM6\1000505084
005 20250617005254.0
035 _a(NLR Aleph) 002327439
090 _a4436269
_c4436269
100 _a20041028d1970 |||y0rusy50 ca
101 0 _arus
102 _aRU
105 _ay |||||||||
200 0 _a[Вып.73]
210 _d1970
_aБ. м.
311 _aЯвляется одновременно Вып.4 изд.: Из истории уральских и сибирских партийных организаций и хранится при данном изд.: (ш.: П22/3337)
461 0 _12001#$v[Вып.73]
488 0 _12001#$aИз истории уральских и сибирских партийных организаций$vВып.4
_1852##$aNLR$jП22/3337
_tИз истории уральских и сибирских партийных организаций
801 1 _aRU
_bInfoComm
_c20041028
801 0 _aRU
_bNLR
_gPSBO
852 _aNLR
_jП10/904
942 _cISSUE
980 _aNB
980 _aRUSPER